Analýza účtovného výsledku hospodárenia rozpočtových organizácií
Účtovný výsledok hospodárenia rozpočtových organizácií. Prezentácia informácií o výsledku hospodárenia rozpočtových organizácií v individuálnej účtovnej závierke. Výsledky analýzy účtovného výsledku hospodárenia konkrétnych rozpočtových organizácií.
Gespeichert in:
| 1. Verfasser: | |
|---|---|
| Format: | Buchkapitel |
| Sprache: | Slowakisch |
| Schlagworte: | |
| Tags: |
Keine Tags, Fügen Sie das erste Tag hinzu!
|
MARC
| LEADER | 00000naa$a2200000$$$4500 | ||
|---|---|---|---|
| 001 | 0249064 | ||
| 005 | 20240502074001.0 | ||
| 041 | 0 | |a slo | |
| 044 | |a SK | ||
| 245 | 1 | 0 | |a Analýza účtovného výsledku hospodárenia rozpočtových organizácií |c Antónia Kovalčíková |
| 520 | |a Účtovný výsledok hospodárenia rozpočtových organizácií. Prezentácia informácií o výsledku hospodárenia rozpočtových organizácií v individuálnej účtovnej závierke. Výsledky analýzy účtovného výsledku hospodárenia konkrétnych rozpočtových organizácií. | ||
| 610 | 2 | 0 | |a organizácie rozpočtové |
| 610 | 2 | 0 | |a závierka účtovná |
| 610 | 2 | 0 | |a výsledok hospodársky |
| 610 | 2 | 0 | |a účtovníctvo |
| 100 | 1 | |a Kovalčíková, Antónia | |